01089cam a22002534a 4500999001700000001000900017005001700026008004100043010001700084020004000101050002300141100002200164245012400186246004300310260004000353300004400393504006400437600003100501650005000532700003100582856008300613942001500696952012400711 c23123d231231436007020170125155914.0060501s2006 nmua b 001 0beng  a 2006014667 a0865344981 (hardbound : alk. paper)00aND237.K227G73 20061 aGraves, Harmon S.10aPassionate landscape :bthe painting journeys of Buffalo Kaplinski /cby Harmon S. Graves ; foreword by B. Byron Price.30aPainting journeys of Buffalo Kaplinski aSanta Fe :bSunstone Press,cc2006. a183 p. :bill. (chiefly col.) ;c29 cm. aIncludes bibliographical references (p. 178-179) and index.10aKaplinski, Buffalo,d1943- 0aLandscape painterszUnited StatesvBiography.1 aKaplinski, Buffalo,d1943-413Table of contents onlyuhttp://www.loc.gov/catdir/toc/ecip0613/2006014667.html 2lcccBOOKS 00102lcc4070aMUCbMUCcTECHd2017-01-25eDonation(BFA)l0oND237.K227G73 2006p30561r2018-07-24w2017-01-25yBOOKS